Sekvenčná analýza génu PTEN v karcinóme endometria diplomová práca CD
Salvato in:
| Autore principale: | |
|---|---|
| Natura: | Software Libro |
| Lingua: | slovacco |
| Pubblicazione: |
Bratislava
STU FCHPT
2013
|
| Accesso online: | Visualizza in OPAC |
| Tags: |
Nessun Tag, puoi essere il primo ad aggiungerne!!
|
MARC
| LEADER | 00000nam a2200000 a 4500 | ||
|---|---|---|---|
| 005 | 20260127134223.0 | ||
| 007 | co ugu uaaua | ||
| 008 | 130719 2013 000 0 slo d | ||
| 035 | |a vtls010529192 | ||
| 039 | 9 | |a 201307191132 |b mschk03 |c 201307191129 |d mschk03 |y 201307191119 |z mschk03 | |
| 040 | |a STUSCHK1 |b slo |c STUSCHK1 |e AACR2 | ||
| 100 | 1 | |a Bakeš, Peter | |
| 245 | 1 | |a Sekvenčná analýza génu PTEN v karcinóme endometria |b diplomová práca CD |c Peter Bakoš | |
| 260 | |a Bratislava |b STU FCHPT |c 2013 | ||
| 300 | |a 1 optický disk | ||
| 500 | |a Obhájené: 10.06.2013 | ||
| 500 | |a Štud. odbor: biotechnológie | ||
| 500 | |a Škol. prac.: Oddelenie biochemickej technológie | ||
| 500 | |a Evid. číslo: FCHPT-5421-50587 | ||
| 910 | |a SCHK95 | ||
| 999 | |c 7053 |d 7053 | ||